|
|
|
|
| LEADER |
00630nab a2200181 i 4500 |
| 001 |
acta15747 |
| 005 |
20210326133540.0 |
| 008 |
161015s1999 hu o 0|| eng d |
| 022 |
|
|
|a 0001-6969
|
| 040 |
|
|
|a SZTE Egyetemi Kiadványok Repozitórium
|b hun
|
| 041 |
|
|
|a eng
|
| 100 |
1 |
|
|a Cialdea Alberto
|
| 245 |
1 |
4 |
|a The summability of conjugate Laplace series on the sphere
|h [elektronikus dokumentum] /
|c Cialdea Alberto
|
| 260 |
|
|
|c 1999
|
| 300 |
|
|
|a 93-119
|
| 490 |
0 |
|
|a Acta scientiarum mathematicarum
|v 65 No. 1-2
|
| 695 |
|
|
|a Matematika
|
| 856 |
4 |
0 |
|u http://acta.bibl.u-szeged.hu/15747/1/math_065_numb_001_002_093-119.pdf
|z Dokumentum-elérés
|